00281nam a2200109Ia 4500008004100000040001600041041001200057082001300069100001800082245006000100300001100160230917s9999||||xx |||||||||||||| ||und|| e96685aMAIN aEnglish a380 S18W aShankar, Gori 0aWorking capital management in Jindal Strips ltd, Hissar a114 p.